Les pays Baltes indésirables à la Conférence de Paris

Titel: Les pays Baltes indésirables à la Conférence de Paris / Una Bergmane
Verfasser:
In: Revue d'histoire diplomatique, Band 125, Heft 1 (2011), Seite 47-64
alle Artikel anzeigen
Veröffentlicht: 2011
Format: Aufsatz
Sprache: Französisch
Schlagworte:
Kein Bild verfügbar
X
alg: 44804650
001A    $06052:26-04-19 
001B    $06052:26-04-19 $t22:32:52.000 
001D    $06052:26-04-19 
001U    $0utf8 
001X    $00 
002@    $0Aox 
003@    $0448046504 
006N    $000176900 
007A    $0448046504 $aHEB 
007D    $asw110420 
007I    $0swets158773833 
010@    $afre 
011@    $a2011 
021A    $aLes @pays Baltes indésirables à la Conférence de Paris $hUna Bergmane 
028A    $aBergmane $dUna 
031A    $d125 $e1 $g18 $h47-64 $j2011 
039B    $aIn $8--Abvc--. Revue d'histoire diplomatique. - Paris : Pedone, 1887-. - ISSN 0035-2365 $x201100001250001953 $9047310545 
044K    $#Baltische Staaten $#Baltikum $#Baltische Staaten $#Baltische Provinzen $#Russische Ostseeprovinzen $#Baltische Republiken $#Russland, Ostseeprovinzen $74004379-4 $8Baltikum [Tg1] $9085003506 
044K    $#Lutetia $#Lutecia $#Lutetia Parisiorum $#Parisia $#Pa-li $#Ville de Paris $#P'ariz $#Paryžius $#Paříž $#Bārīs $#Bali Paris $#Pariž $#Parigi $#Parijs $#Lutitia $#Parisius $#Lutèce $#Commune de Paris $#Parisii $#Parrhisius $#Loticia Parisiorum $#Ville de Paris $#Lutetia $74044660-8 $8Paris [Tgz] $9085125393 
044K    $RKonferenz $74332645-6 $8Friedenskonferenz [Ts1] $908809975X 
045T    $a8 $a3,6 

lok: 44804650 78

exp: 44804650 78 1 #EPN
201B/01 $026-04-19 $t22:32:52.000 
201C/01 $026-04-19 
201U/01 $0utf8 
203@/01 $01050405862 
208@/01 $a26-04-19 $be 
209A/01 $a/ $f000 $x00 
209A/01 $ab*p $x01 
220C/01 $apgar 
244Z/01 $#Baltische Staaten $#Baltikum $#Baltische Staaten $#Baltische Provinzen $#Russische Ostseeprovinzen $#Baltische Republiken $#Russland, Ostseeprovinzen $74004379-4 $8--Tg1--Baltikum $x01 $9085003506 
247C/01 $82080>Marburg/Lahn, Herder-Institut, Forschungsbibliothek, Bibliographieportal $9336309341
LEADER 00000naa a22000002c 4500
001 448046504
003 DE-603
005 20190426223252.0
007 tu
008 190426s2011 xx |||| | u00||u|fre c
035 |a (DE-599)HEB448046504 
035 |a (NL-LiSWE)00176900 
040 |a DE-603  |b ger  |c DE-603  |d DE-603 
041 |a fre 
084 |a 8  |a 3,6  |2 ssgn 
100 1 |a Bergmane, Una 
245 0 0 |a ˜Lesœ pays Baltes indésirables à la Conférence de Paris  |c Una Bergmane 
264 0 |c 2011 
650 7 |a Friedenskonferenz  |0 (DE-588)4332645-6  |0 (DE-603)08809975X  |2 gnd 
651 7 |a Baltikum  |0 (DE-588)4004379-4  |0 (DE-603)085003506  |2 gnd 
651 7 |a Paris  |0 (DE-588)4044660-8  |0 (DE-603)085125393  |2 gnd 
773 0 8 |i In  |t Revue d'histoire diplomatique  |d Paris : Pedone, 1887-  |x 0035-2365  |g Band 125, Heft 1 (2011), Seite 47-64  |w (DE-603)047310545  |w (DE-600)209808-8 
924 0 |9 2080  |a (DE-603)1050405862  |b DE-2080  |c HES  |d d  |g /